000 00557nam a2200193Ia 4500
003 GCL
008 140319s9999 xx 000 0 eng d
040 _aGCL /
_cGCL
082 0 4 _aCC
_b930.1
_bL S
100 1 _aLATIF, DASS
245 1 0 _aTHE STORY OF ABU SIMBEL WITH THE HIGHLIGHTS OF THE HISTORY AND CIVLIZATION OF ANCIENT EGYPT /
_cLATIF, DASS
700 1 _aASHAM, BESADA
260 _a[S.N] :
_bLONGMAN ،
_c1989
650 0 4 _aHISTORY
650 0 4 _aEGYPTOLOGY
650 0 4 _aEGYPT - ANTIQUITIES
650 0 4 _aTEMPLE OF ABU SIMBEL
942 _2ddc
_cBK
999 _c16294
_d16294